00386nam a2200145Ia 4500003000400000008004100004040001600045082001300061100001600074245005900090260004400149300001000193650001500203650002200218GCL140319s9999 xx 000 0 eng d aGCL / cGCL04a843bA B1 aANDRE, ALBA10aL'HISTOIRE L'AGE CLASSIQUE 1492 - 1789 / cANDRE, ALBA a[S.N] : bMARABOUT UNIVERSITE ، c1994 a276 P04aLITERATURE04aFRENCH LITERATURE